Of limited appeal (Record no. 76161)
[ view plain ]
| 000 -LEADER | |
|---|---|
| fixed length control field | 00957cab a2200241 4500 |
| 001 - CONTROL NUMBER | |
| control field | ##L131551 |
| 008 - FIXED-LENGTH DATA ELEMENTS--GENERAL INFORMATION | |
| fixed length control field | 051115n2005 000 0 eng u |
| 035 ## - SYSTEM CONTROL NUMBER | |
| System control number | (Sirsi) u131551 |
| 041 0# - LANGUAGE CODE | |
| Language code of text/sound track or separate title | eng |
| 100 1# - MAIN ENTRY--PERSONAL NAME | |
| Personal name | Lindsey, Sue |
| 245 00 - TITLE STATEMENT | |
| Title | Of limited appeal |
| 260 ## - PUBLICATION, DISTRIBUTION, ETC. | |
| Date of publication, distribution, etc. | 2005 |
| 490 #0 - SERIES STATEMENT | |
| Series statement | Architects' Journal |
| Volume/sequential designation | 222(16) 3 November 2005, 50(1) |
| 520 ## - SUMMARY, ETC. | |
| Summary, etc. | Focuses on the way in which courts deal with arbitration cases, with an in-depth look at confidentiality. |
| 590 ## - LOCAL NOTE (RLIN) | |
| Local note | IKA221105 |
| 650 24 - SUBJECT ADDED ENTRY--TOPICAL TERM | |
| Topical term or geographic name entry element | ARBITRATION ACT 1996 |
| 650 24 - SUBJECT ADDED ENTRY--TOPICAL TERM | |
| Topical term or geographic name entry element | CIVIL PROCEDURE RULES PART 39 |
| 650 24 - SUBJECT ADDED ENTRY--TOPICAL TERM | |
| Topical term or geographic name entry element | CIVIL PROCEDURE RULES PART 62 |
| 650 24 - SUBJECT ADDED ENTRY--TOPICAL TERM | |
| Topical term or geographic name entry element | CONVENTION FOR THE PROTECTION OF HUMAN RIGHTS AND FUNDAMENTAL FREEDOMS FIRST PROTOCOL ART 1 |
| 650 24 - SUBJECT ADDED ENTRY--TOPICAL TERM | |
| Topical term or geographic name entry element | DEPARTMENT OF ECONOMICS AND DEVELOPMENT OF THE CITY OF MOSCOW V BANKERS TRUST COMPANY |
| 690 ## - LOCAL SUBJECT ADDED ENTRY--TOPICAL TERM (OCLC, RLIN) | |
| Topical term or geographic name as entry element | MANAGEMENT-DISPUTE AVOIDANCE, MANAGEMENT AND RESOLUTION-DISPUTE MANAGEMENT AND RESOLUTION-ARBITRATION |
| 942 ## - ADDED ENTRY ELEMENTS (KOHA) | |
| Suppress in OPAC | 0 |
| Withdrawn status | Lost status | Source of classification or shelving scheme | Damaged status | Not for loan | Home library | Current library | Shelving location | Date acquired | Total Checkouts | Full call number | Barcode | Date last seen | Copy number | Price effective from | Koha item type |
|---|---|---|---|---|---|---|---|---|---|---|---|---|---|---|---|
| Dewey Decimal Classification | London | London | Journal article | 15/11/2005 | L131551 | 131551-1001 | 06/08/2019 | 1 | 06/08/2019 | Journal article |